000 00888nam a2200253Ia 4500
003 OSt
005 20221005113230.0
006 a|||||r|||| 00| 0
007 ta
008 221004b |||||||| |||| 00| 0 pan d
020 _a9789380210843 (pbk)
_c100
024 _a17357
037 _b903, 11/03/2015, H.K. Prakashan
_cTextual
040 _aCRL
_cCRL
_bpan
041 _2pan
_apan
082 _aO152,1I00:g, 153Q4
100 _aਜੱਗੀ, ਗੁਰFਰਨ ਕੌਰ, ਥਦ.
245 0 _aਸੰਤ ਕਬੀਰ
_b ਇਕ ਅਧਿਐਨ
260 _aਪਟਿਆਲਾ
_bਗ੍ਰੇFਿਅਸ ਭਾਰਤ
_c2014
300 _a94ਪੰ
_ccm.
650 _aਹਿੰਦੀ ਸਾਹਿਤ
942 _hO152,1I00:g, 153Q4
_cTEXL
_2cc
999 _c1027486
_d1027486